| 000 | 00557nam a22001697a 4500 | ||
|---|---|---|---|
| 003 | ASAB | ||
| 005 | 20180827062841.0 | ||
| 008 | 180511t xxu||||| |||| 00| 0 eng d | ||
| 040 | _cASAB | ||
| 082 | _aThesis 2013 SB | ||
| 100 |
_aShaheen Bibi-sup-Dr. Muhammad Tahir _93934 |
||
| 245 |
_aTH-MS-Isolation and partial characterization of begomovirus (es) from different regions of Pakistan _cShaheen Bibi-sup-Dr. Muhammad Tahir |
||
| 260 |
_aIslamabad _bASAB NUST _c2013 |
||
| 300 | _axxi,71 P | ||
| 630 |
_aVirology and Immunology _93935 |
||
| 942 |
_2ddc _cTH |
||
| 999 |
_c480867 _d480867 |
||